Interdisciplinárny prístup k súčasnej ekonomickej kríze

Súčasná kríza ako kolektívne zlyhanie, názory účastníkov Svetového ekonomického fóra v Davose 2009. Zásahy na tlmenie krízy.

Guardado en:
Detalles Bibliográficos
Autor principal: Knapik, Peter
Formato: Capítulo de libro
Lenguaje:eslovaco
Materias:
Etiquetas: Agregar Etiqueta
Sin Etiquetas, Sea el primero en etiquetar este registro!

MARC

LEADER 00000naa$a2200000$$$4500
001 0097917
005 20240502072100.6
041 0 |a slo 
044 |a SK 
245 1 0 |a Interdisciplinárny prístup k súčasnej ekonomickej kríze  |c Peter Knapik 
520 |a Súčasná kríza ako kolektívne zlyhanie, názory účastníkov Svetového ekonomického fóra v Davose 2009. Zásahy na tlmenie krízy. 
610 2 0 |a kríza hospodárska 
610 2 0 |a diskusia 
100 1 |a Knapik, Peter